<?xml version="1.0" encoding="UTF-8"?>
<record
    xmlns:xsi="http://www.w3.org/2001/XMLSchema-instance"
    xsi:schemaLocation="http://www.loc.gov/MARC21/slim http://www.loc.gov/standards/marcxml/schema/MARC21slim.xsd"
    xmlns="http://www.loc.gov/MARC21/slim">

  <leader>03483nam a2200397 a 4500</leader>
  <controlfield tag="001">ebr10617920</controlfield>
  <controlfield tag="003">CaPaEBR</controlfield>
  <controlfield tag="006">m        u        </controlfield>
  <controlfield tag="007">cr cn|||||||||</controlfield>
  <controlfield tag="008">120516s2013    nju     s     001 0 eng d</controlfield>
  <datafield tag="010" ind1=" " ind2=" ">
    <subfield code="z">  2012020170</subfield>
  </datafield>
  <datafield tag="020" ind1=" " ind2=" ">
    <subfield code="z">9781118321867 (hardback)</subfield>
  </datafield>
  <datafield tag="020" ind1=" " ind2=" ">
    <subfield code="z">9781118420157 (e-book)</subfield>
  </datafield>
  <datafield tag="040" ind1=" " ind2=" ">
    <subfield code="a">CaPaEBR</subfield>
    <subfield code="c">CaPaEBR</subfield>
  </datafield>
  <datafield tag="035" ind1=" " ind2=" ">
    <subfield code="a">(OCoLC)818733985</subfield>
  </datafield>
  <datafield tag="043" ind1=" " ind2=" ">
    <subfield code="a">n-us---</subfield>
  </datafield>
  <datafield tag="050" ind1="1" ind2="4">
    <subfield code="a">HG4910</subfield>
    <subfield code="b">.C87 2013eb</subfield>
  </datafield>
  <datafield tag="082" ind1="0" ind2="4">
    <subfield code="a">332.024/01</subfield>
    <subfield code="2">23</subfield>
  </datafield>
  <datafield tag="100" ind1="1" ind2=" ">
    <subfield code="a">Curtis, Gregory,</subfield>
    <subfield code="d">1947-</subfield>
  </datafield>
  <datafield tag="240" ind1="1" ind2="0">
    <subfield code="a">Creative capital</subfield>
  </datafield>
  <datafield tag="245" ind1="1" ind2="4">
    <subfield code="a">The stewardship of wealth</subfield>
    <subfield code="h">[electronic resource] :</subfield>
    <subfield code="b">successful private wealth management for investors and their advisors /</subfield>
    <subfield code="c">Gregory Curtis.</subfield>
  </datafield>
  <datafield tag="260" ind1=" " ind2=" ">
    <subfield code="a">Hoboken, N.J. :</subfield>
    <subfield code="b">Wiley,</subfield>
    <subfield code="c">2013.</subfield>
  </datafield>
  <datafield tag="300" ind1=" " ind2=" ">
    <subfield code="a">xxxiii, 423 p.</subfield>
  </datafield>
  <datafield tag="440" ind1=" " ind2="0">
    <subfield code="a">Wiley finance series</subfield>
  </datafield>
  <datafield tag="500" ind1=" " ind2=" ">
    <subfield code="a">"This book is an updated and expanded edition of Creative Capital: Managing Private Wealth in a Complex World, by Gregory Curtis, copyright &#xFFFD; 2004 by Gregory Curtis, New York: iUniverse, Inc."--Title page verso.</subfield>
  </datafield>
  <datafield tag="500" ind1=" " ind2=" ">
    <subfield code="a">Includes index.</subfield>
  </datafield>
  <datafield tag="505" ind1="0" ind2=" ">
    <subfield code="a">pt. 1. The importance of private capital -- pt. 2. The stewardship of wealth -- pt. 3. The rich get richer.</subfield>
  </datafield>
  <datafield tag="520" ind1=" " ind2=" ">
    <subfield code="a">"Indispensable advice for building a lasting financial legacyBuilding wealth is hard to do, but maintaining that wealth across generations is even more challenging. In The Stewardship of Wealth: Successful Private Wealth Management for Investors and Their Advisors + Website, wealth advice expert Gregory Curtis reveals the investment secrets of the world's wealthiest families, so that financial planners, fund managers, and wealthy individuals everywhere can follow in their footsteps. Outlining the best practices for preserving and growing wealth, the book details exactly how to build a lasting financial legacy in the face of taxes, inflation, investment costs, and the conflicts of interest that are endemic to the financial advisory business.Wealthy families are at the very heart of America's exceptionalism, of the vigor, resilience, and creativity that have made the U.S. the most successful nation in history. The Stewardship of Wealth's discusses the crucial role private wealth continues to play in America's remarkable economic and cultural success and the issues wealthy families and their advisors face, presenting a step-by-step guide to better managing liquid wealth. Reveals the wealth management strategies employed by America's wealthiest families and their financial managers Explores the challenges to ensuring that money stays in the family, from portfolio design to manager selection to monitoring investment performance, and much more Details the essential steps for ensuring a lasting financial legacy An examination of the key issues involved in managing private wealth, especially for affluent families, The Stewardship of Wealth + Website is the ultimate guide to building a financial legacy that will last"--</subfield>
    <subfield code="c">Provided by publisher.</subfield>
  </datafield>
  <datafield tag="533" ind1=" " ind2=" ">
    <subfield code="a">Electronic reproduction.</subfield>
    <subfield code="b">Palo Alto, Calif. :</subfield>
    <subfield code="c">ebrary,</subfield>
    <subfield code="d">2011.</subfield>
    <subfield code="n">Available via World Wide Web.</subfield>
    <subfield code="n">Access may be limited to ebrary affiliated libraries.</subfield>
  </datafield>
  <datafield tag="650" ind1=" " ind2="0">
    <subfield code="a">Investments</subfield>
    <subfield code="z">United States.</subfield>
  </datafield>
  <datafield tag="650" ind1=" " ind2="0">
    <subfield code="a">Wealth</subfield>
    <subfield code="z">United States.</subfield>
  </datafield>
  <datafield tag="650" ind1=" " ind2="0">
    <subfield code="a">Finance</subfield>
    <subfield code="z">United States.</subfield>
  </datafield>
  <datafield tag="655" ind1=" " ind2="7">
    <subfield code="a">Electronic books.</subfield>
    <subfield code="2">local</subfield>
  </datafield>
  <datafield tag="710" ind1="2" ind2=" ">
    <subfield code="a">ebrary, Inc.</subfield>
  </datafield>
  <datafield tag="856" ind1="4" ind2="0">
    <subfield code="u">http://site.ebrary.com/lib/rucke/Doc?id=10617920</subfield>
    <subfield code="z">An electronic book accessible through the World Wide Web; click to view</subfield>
  </datafield>
  <datafield tag="999" ind1=" " ind2=" ">
    <subfield code="c">54868</subfield>
    <subfield code="d">54868</subfield>
  </datafield>
</record>
